| 000 | 00523nam a2200169 i 4500 | ||
|---|---|---|---|
| 001 | 101373 | ||
| 003 | ES-MaACL | ||
| 007 | t| | ||
| 008 | 051018s1982 sp ||||1| spa d | ||
| 100 | 1 |
_aMayor Zaragoza, Federico, _d1934-2024 _979415 |
|
| 245 | 1 | 0 |
_aInvestigación científica y metas sociales / _cCoordinador Federico Mayor Zaragoza. |
| 250 | _a[1ª ed.]. | ||
| 260 |
_aMadrid : _bAlhambra, _c1982. |
||
| 300 |
_aXXXV, 253 p. ; _c20 cm. |
||
| 852 |
_aES-MaACL _jL-3484 _bR.104020 |
||
| 999 |
_c101373 _d101373 |
||